• 首页
  • 本馆介绍
  • 公告通知
  • 最新文献
  • 馆藏检索
  • 电子资源
  • 读者导购
  • 参考咨询
  • 我的图书馆
  • 登录
  • 详细信息显示
  • 放入我的书架
  • 预约/预借图书
  • 作者相关作品
  • 分类相关作品
  • 丛书相关作品
  • 出版社相关作品

书目信息

  • 表格格式
  • 工作单格式
  • 卡片格式
题名:
干阑建筑空间与营造
    
 
作者: 罗德启 , 汤洛行 编著
分册:  
出版信息: 北京   中国建筑工业出版社  2018.6
页数: 208页
开本: 26cm
丛书名:
单 册:
中图分类: TU366.2
科图分类:
主题词: 木结构--建筑结构--研究--中国
电子资源:
ISBN: 978-7-112-22084-7
000 00963nam0 2200229 450
001 4833
005 20181013102912.79
010    @a978-7-112-22084-7@dCNY138.00
100    @a20180423d2018 em y0chiy0110 ea
101 0  @achi
102    @aCN@b110000
105    @ay z 000yy
200 1  @a干阑建筑空间与营造@9gan lan jian zhu kong jian yu ying zao@f罗德启,汤洛行编著
210    @a北京@c中国建筑工业出版社@d2018.6
215    @a208页@d26cm
330    @a本书以实地调研为基础,通过对干阑建筑的历史源流、分布特点、形成背景、演进发展、与地域民族习俗的关系、以及干阑建筑类型、空间要素、构架体系、建造程序、建筑特色等诸方面,深入剖析了干阑建筑产生与发展的缘由及其对环境适应性的特点;同时通过分析,提出干阑建筑的文化价值及其在当代城市建设进程中的现实意义。
606 0  @a木结构@x建筑结构@x研究@y中国
690    @aTU366.2@v5
701  0 @a罗德启@9luo de qi@4编著
701  0 @a汤洛行@9tang luo hang@4编著
801  0 @aCN@b91CIP@c20180423
905    @aMuseLib@dTU366.2@e1468
    
    干阑建筑空间与营造/罗德启,汤洛行编著.-北京:中国建筑工业出版社,2018.6
    208页;26cm
    
    
    ISBN 978-7-112-22084-7:CNY138.00
    本书以实地调研为基础,通过对干阑建筑的历史源流、分布特点、形成背景、演进发展、与地域民族习俗的关系、以及干阑建筑类型、空间要素、构架体系、建造程序、建筑特色等诸方面,深入剖析了干阑建筑产生与发展的缘由及其对环境适应性的特点;同时通过分析,提出干阑建筑的文化价值及其在当代城市建设进程中的现实意义。
●
相关链接 在E读中查询图书 在五车中查询图书 在当当中查询图书 在豆瓣中查询图书


正题名:干阑建筑空间与营造     索取号:TU366.2/1468         预约/预借

序号 登录号 条形码 馆藏地/架位号 状态 备注
1 1126865   211268652   第二样本阅览室/ [索取号:TU366.2/1468] 在馆    
2 1126866   211268661   第三借阅区/ [索取号:TU366.2/1468] 在馆    
3 1126867   211268670   第三借阅区/ [索取号:TU366.2/1468] 在馆    
唐山师范学院图书馆 欢迎您!
大连网信软件有限公司© 版权所有